|
|
|
|
| LEADER |
00000nam a2200000 a 4500 |
| 001 |
vtls001381057 |
| 003 |
SK-MaSNL |
| 005 |
20260301161359.0 |
| 008 |
251113s1998 xo ap r yy slo |
| 015 |
|
|
|a SNBA2000/03-00752
|
| 020 |
|
|
|a 8088722799
|
| 035 |
|
|
|a SNK000335062
|
| 035 |
|
|
|a urn:nbn:sk:snk-amkkk3
|
| 035 |
|
|
|a urn:nbn:sk:snk-am003awj
|
| 035 |
|
|
|a 37C41D50-9C4C-4034-A593-5A4F68DF0CD7
|
| 040 |
|
|
|a SNK
|b slo
|c SNK
|e AACR2
|
| 041 |
0 |
|
|a slo
|
| 044 |
|
|
|a xo
|c SK
|
| 072 |
|
7 |
|a 37
|x Výchova a vzdelávanie
|2 konspekt
|
| 080 |
|
|
|a 37.015.3
|2 2001
|
| 080 |
|
|
|a (075.8)
|2 2001
|
| 080 |
|
|
|a 37.064.2
|2 2001
|
| 100 |
1 |
|
|a Ďuričeková, Magdaléna,
|d 1948-2018
|4 aut
|9 114826
|
| 245 |
1 |
0 |
|a Psychológia žiaka a učiteľa
|c Magdaléna Ďuričeková
|
| 250 |
|
|
|a 3. vyd.
|
| 260 |
|
|
|a Prešov
|b Prešovská univerzita
|c 1999
|
| 300 |
|
|
|a 100 s.
|b tab.
|c 21 cm
|
| 490 |
1 |
|
|a Vysokoškolské učebné texty
|
| 500 |
|
|
|a 450 výt.
|
| 504 |
|
|
|a Bibliogr. s. 99-100
|
| 650 |
0 |
7 |
|a pedagogická psychológia
|2 SNK
|9 58135
|
| 650 |
0 |
7 |
|a pedagogická psychológia
|2 SNKPH
|9 58135
|
| 650 |
0 |
7 |
|a učiteľ a žiak
|2 SNKPH
|9 2637
|
| 655 |
|
7 |
|a Textbooks (higher)
|2 SNKPHeng
|9 276436
|
| 655 |
|
7 |
|a učebnice vysokých škôl
|2 SNKPH
|9 70191
|
| 655 |
|
7 |
|a učebnice
|2 SNK
|9 22521
|
| 810 |
2 |
|
|a Prešovská univerzita v Prešove.
|b Fakulta humanitných a prírodných vied
|t Vysokoškolské učebné texty
|9 177611
|
| 919 |
|
|
|a 80-88722-79-9
|
| 958 |
|
|
|a TL
|
| 958 |
|
|
|a NB
|
| 958 |
|
|
|a UV
|
| 999 |
|
|
|c 809213
|d 811143
|
| 952 |
|
|
|t P60, <04>, [BOOK], {604}
|a SNK
|b SNK
|y VYP
|7 0
|p 17A0224690
|o snkSC 100578 D1
|i snkKSP 725/2000
|0 0
|1 0
|4 0
|d 2000-01-19
|l 0
|r 2005-01-02 00:00:00
|w 2026-02-24
|
| 952 |
|
|
|t P60, <03>, [BOOK], {603}
|a SNK
|b SNK
|y PREZ
|7 0
|p 17A0224689
|o snkSC 100578
|i snkKSP 724/2000
|0 0
|1 0
|4 0
|d 2000-01-19
|f 1
|l 0
|r 2025-09-19 00:00:00
|w 2026-02-24
|